[Event "NOR-ch"]
[Site "Kristiansund"]
[Date "1992.??.??"]
[Round "7"]
[White "Fossan, Petter"]
[Black "Djurhuus, Rune"]
[Result "0-1"]
[WhiteElo "2300"]
[BlackElo "2405"]
[Annotator "Bulletin"]
[PlyCount "98"]
[EventDate "1992.??.??"]
[EventType "swiss"]
[EventRounds "9"]
[EventCountry "NOR"]
[SourceTitle "TD"]
[Source "ChessBase"]
[SourceDate "1994.03.01"]
[SourceVersion "1"]
[SourceVersionDate "1994.03.01"]
[SourceQuality "1"]

1. e4 e6 2. d4 d5 3. Nd2 {Tarrasch-varianten i Fransk.} Nf6 4. e5 Nfd7 5. c3 c5
6. Bd3 Nc6 7. Ne2 cxd4 8. cxd4 f6 9. exf6 Nxf6 10. Nf3 Bd6 11. Bf4 O-O 12. O-O
Bxf4 13. Nxf4 Ne4 14. Qc1 Ng5 15. Nxg5 Qxg5 16. Ne2 Qf6 17. Qe3 {Spillerne
fKlger en lang teorivariant. Svarts neste trekk er fKrste gang nevnt i
Informator 52. Det gamle trekket 17...Ld7 gir nok hvit en liten fordel.} e5 18.
dxe5 Nxe5 19. Nd4 Ng4 {Svart vil skape bondesvekkelser i hvits kongestilling.
19...Ld7 ser ut som et sikrere alternativ.} 20. Qd2 {Eneste trekket.} Qe5 {
SjKlsagt ikke 20...Dxd4?? 21.Lxh7+.} 21. g3 Qh5 22. f3 Ne5 23. f4 {Hvit har
spilt nKyaktig og stÅr nÅ best.} Nc4 {Ikke nKdvendigvis godt, men andre trekk
fristet heller ikke.} 24. Bxc4 {Sterkere er kanskje} (24. Qc3 Nd6 (24... Bh3
25. Bxc4 dxc4 26. Qxc4+ Kh8 27. Rfe1 {er nok bra for hvit sjKl om svart har
litt kompensasjon for bonden pga. hvits Åpne kongestilling.}) 25. Rfe1 {
og hvit ser ut til Е ha full kontroll.}) 24... dxc4 25. Rfe1 $1 Bh3 (25... Qf7
26. Re5 b6 {(Svart vil sette opp batteriet i den lange diagonalen.)} 27. Rae1
Bb7 28. Ne6 {og svart har problemer.}) 26. Re5 $1 Qg6 {[#] Hvit har spilt
kraftfullt og stÅr best, men sÅ kommer bukken:} 27. Qc3 $4 Rxf4 {Hvit sa etter
partiet at han ikke hadde sett at bonden stod i slag.} 28. Ne2 (28. Qxc4+ Kh8 {
ser farlig ut for hvit. 29...Taf8 kommer med full kraft.}) 28... Qb6+ {
Avvikler til et sluttspill med bonde over. Mer uklart er} (28... Re4 29. Rxe4
Qxe4 30. Nf4 $1 Bd7 31. Re1 {og hvit er i hKyeste grad levende.}) 29. Qe3 Qxe3+
30. Rxe3 Rf7 31. Nf4 Bf5 32. Rc1 Rc8 33. Re5 {FrigjKr feltet e3 til hesten.} g6
34. Rc3 $6 {I fortsettelsen klarer ikke hvit Е skape problemer for svart. 34.
Sd5 med en gang er bedre.} Kg7 35. Nd5 Rc5 $1 36. b4 Rc8 {Dermed er
c4-merbonden plutselig en fribonde.} 37. Ne3 (37. Ne7 $2 Bh3 {er grusomt for
hvit.}) 37... Bd3 {alternativet er 37...Lh3.} 38. Nd5 (38. Rc5 $2 Re8 39. Nxc4
Re1+ 40. Kg2 Bf1+ 41. Kg1 Bh3#) 38... b6 39. Nf4 Bf5 40. h4 Kf6 41. Rd5 Rd7 {
Dermed fÅr svart byttet vekk hvits aktive tÅrn. Resten er ikke sÅ vanskelig.}
42. Rxd7 Bxd7 43. Kf2 Ke5 44. Ke3 Bf5 45. Ne2 Bg4 46. Nd4 {46.Sf4 holder ut
litt lengre.} Kd5 47. Nc2 Bf5 48. Ne1 Be4 49. Kd2 {[#]} Rf8 $1 {Kommentarer
ved Rune Djurhuus.} (49... Kd4 $6 50. Nf3+ Bxf3 $2 51. Rxf3 {gir hvit motspill.
}) 0-1

[Event "Porz op 29th"]
[Site "Cologne"]
[Date "1993.??.??"]
[Round "8"]
[White "Brodsky, Michail"]
[Black "Voigt, Martin"]
[Result "1-0"]
[WhiteElo "2515"]
[BlackElo "2305"]
[Annotator "Bulletin"]
[PlyCount "83"]
[EventDate "1993.??.??"]
[EventType "swiss"]
[EventRounds "9"]
[EventCountry "GER"]
[SourceTitle "EXT 1999"]
[Source "ChessBase"]
[SourceDate "1998.11.16"]
[SourceVersion "1"]
[SourceVersionDate "1998.11.16"]
[SourceQuality "1"]

1. e4 e6 2. d4 d5 3. Nd2 Nf6 4. Bd3 c5 5. e5 Nfd7 6. c3 Nc6 7. Ne2 cxd4 8. cxd4
f6 9. exf6 Nxf6 10. Nf3 Bd6 11. O-O O-O 12. Bg5 Qb6 13. Nc3 Kh8 14. Na4 Qc7 15.
h3 Bd7 16. Re1 Nb4 17. Nc3 Nxd3 18. Qxd3 Qb6 19. Ne5 Be8 20. Qd2 Rc8 21. a3 a5
22. Rac1 Qa6 23. f3 Nd7 24. Bf4 b5 25. Nd3 b4 26. axb4 Bxb4 27. Nxb4 axb4 28.
Ne2 Rxc1 29. Rxc1 Bg6 30. Rc7 Qb5 31. Bd6 Re8 32. Nf4 Nf6 33. Be5 Bf5 {[#]} 34.
Rxg7 Kxg7 35. Nxd5 Kf7 (35... Qxd5 36. Qg5+ Bg6 37. Qxf6+ Kh6 38. Bf4+) (35...
Rf8 36. Qg5+ Bg6 37. Bxf6+ Kf7 38. Be7) 36. Qh6 (36. Qg5 $1) 36... Bg6 37. Qf4
Bf5 38. Qg5 Nh5 39. Qxh5+ Bg6 40. Qg5 Qb7 41. Qf6+ Kg8 42. Qh8+ 1-0

[Event "POL-ch 52nd"]
[Site "Warsaw"]
[Date "1995.??.??"]
[Round "6"]
[White "Macieja, Bartlomiej"]
[Black "Kaminski, Marcin"]
[Result "1-0"]
[WhiteElo "2440"]
[BlackElo "2455"]
[Annotator "Bulletin"]
[PlyCount "79"]
[EventDate "1995.02.11"]
[EventType "tourn"]
[EventRounds "17"]
[EventCountry "POL"]
[EventCategory "8"]
[SourceTitle "EXT 1999"]
[Source "ChessBase"]
[SourceDate "1998.11.16"]
[SourceVersion "1"]
[SourceVersionDate "1998.11.16"]
[SourceQuality "1"]

1. e4 e6 2. d4 d5 3. Nd2 Nf6 4. e5 Nfd7 5. Bd3 c5 6. c3 b6 7. Ne2 Ba6 8. Bxa6
Nxa6 9. Nf3 Be7 10. h4 h6 11. Nf4 Nc7 12. Rh3 $5 b5 13. Qd3 c4 14. Qc2 Nf8 15.
Rg3 g6 16. h5 g5 17. Nh3 Qd7 18. Nh2 O-O-O 19. Ng4 Nh7 20. Nxh6 Qe8 21. Ng4 f5
22. exf6 Bd6 23. Ne5 g4 24. f7 Qf8 25. Rxg4 Nf6 26. Rh4 Bxe5 27. dxe5 Ne4 28.
Be3 Qxf7 29. Nf4 b4 30. f3 Ng3 31. Qg6 $2 Qf5 $2 (31... Qxg6 32. Nxg6 Nf5 $1
33. Nxh8 Rxh8 34. Rh2 Nxe3 35. Kf2 d4 (35... Nf5 36. g4 Ne7 37. Rg1 $18) 36.
cxd4 Ncd5) 32. Qxg3 bxc3 33. bxc3 Qxe5 34. Kf2 Qxc3 35. Rc1 Qb2+ 36. Ne2 Rhg8
37. Rg4 Rgf8 38. Bd4 Qd2 39. Rg7 Nb5 40. Qe5 1-0

[Event "EU-ch (Women) 13th"]
[Site "Gaziantep"]
[Date "2012.03.05"]
[Round "4"]
[White "Yildiz Kadioglu, Betul Cemre"]
[Black "Danielian, Elina"]
[Result "1/2-1/2"]
[WhiteElo "2342"]
[BlackElo "2478"]
[Annotator "CB"]
[PlyCount "138"]
[EventDate "2012.03.02"]
[EventType "swiss"]
[EventRounds "11"]
[EventCountry "TUR"]
[SourceTitle "CBM 147 Extra"]
[Source "ChessBase"]
[SourceDate "2012.04.24"]
[SourceVersion "1"]
[SourceVersionDate "2012.04.24"]
[SourceQuality "1"]

1. e4 e6 2. d4 d5 3. Nd2 Nf6 4. e5 Nfd7 5. Bd3 c5 6. c3 Nc6 7. Ne2 cxd4 8. cxd4
f6 9. Nf4 Nxd4 10. Qh5+ Ke7 11. exf6+ Nxf6 12. Ng6+ hxg6 13. Qxh8 Kf7 14. Qh4
e5 15. Nf3 Nxf3+ 16. gxf3 Bf5 17. Bxf5 gxf5 18. Bg5 Qa5+ 19. Kf1 g6 20. Qh8
Qa6+ 21. Kg2 Re8 22. Rac1 Be7 23. Qh6 Qd6 24. Rc2 Qd8 25. Bxf6 Kxf6 26. Rhc1
Rh8 27. Qd2 Rh4 28. Rc7 d4 29. Qa5 d3 30. Re1 Qd6 31. Qc3 Rd4 32. Rc4 Rxc4 33.
Qxc4 Bf8 34. Rd1 d2 35. f4 Bh6 36. fxe5+ Qxe5 37. Qc3 Qxc3 38. bxc3 Ke5 39. Kf3
Kd5 40. Ke2 Kc4 41. Rb1 b5 42. Rg1 Kxc3 43. Rxg6 Bf4 44. h4 a5 45. h5 b4 46. h6
a4 47. h7 Be5 48. Rc6+ $6 ({White missed the following quick and sure win:} 48.
f4 Bh8 49. Rg8 Bf6 50. h8=Q Bxh8 51. Rxh8 $18) 48... Kb2 {Betul is still
winning, but now comes the decisive mistake:} 49. Rc4 $2 ({Once again} 49. f4 {
wins.}) 49... b3 $1 50. axb3 a3 51. Ra4 $2 (51. Kxd2 a2 52. Rc1 Kxb3 ({Not} 
52... a1=Q 53. Rxa1 Kxa1 54. b4 $18) 53. Ke3 Kb2 54. Rd1 a1=Q 55. Rxa1 Kxa1 {
was an easy draw.}) 51... Kc2 $1 52. Rc4+ Kxb3 53. Rc8 a2 54. Ra8 d1=Q+ ({Or} 
54... a1=Q 55. Rxa1 Bxa1 56. Kxd2 Kc4 $19) 55. Kxd1 a1=Q+ 56. Rxa1 Bxa1 57. Kd2
Kc4 58. Ke3 Kd5 59. Kf4 Ke6 60. Kg5 {Black was completely lost, then
completely winning, and now gives away a half-point:} Bh8 $2 (60... Bf6+ $1 {
was the move to find. Black wins, for instance after} 61. Kg6 f4 62. f3 Ke5 63.
Kf7 Kf5 64. Kg8 Kg5 65. Kf7 Bb2 66. Ke6 Kh4 67. Kf5 Kg3 68. Ke4 Ba1 $19) 61. f4
Bg7 62. Kg6 Bf6 63. Kh5 Kf7 64. Kh6 Bg7+ 65. Kg5 Ke6 66. Kg6 Bc3 67. Kg5 Bh8
68. Kg6 Bf6 69. Kh5 Kf7 {and since Black can make no progress a draw was
agreed.} 1/2-1/2

[Event "German Masters (Women) 1st"]
[Site "Dresden"]
[Date "2014.11.18"]
[Round "2"]
[White "Melamed, Tatiana"]
[Black "Michna, Marta"]
[Result "0-1"]
[WhiteElo "2323"]
[BlackElo "2343"]
[Annotator "CB"]
[PlyCount "60"]
[EventDate "2014.11.17"]
[EventType "tourn"]
[EventRounds "9"]
[EventCountry "GER"]
[EventCategory "4"]
[SourceTitle "CBM 163 Extra"]
[Source "ChessBase"]
[SourceDate "2014.12.23"]
[SourceVersion "1"]
[SourceVersionDate "2014.12.23"]
[SourceQuality "1"]

1. e4 e6 2. d4 d5 3. Nd2 Nf6 4. e5 Nfd7 5. Bd3 c5 6. c3 Nc6 7. Ne2 a5 $1 {
Diesen Ausrufezeichen gibt es nicht für die objektive Stärke des Zuges,
sondern für die starke Vorbereitung von Marta!} 8. O-O $1 cxd4 9. cxd4 Nb6 10.
Nf3 Be7 11. Be3 (11. Nf4 {wird an dieser Stelle deutlich häufiger gespielt.})
11... Bd7 12. Rc1 Nb4 13. Bb1 Nc4 {Die Springer sehen bedrohlich aus und das
sind sie auch.} 14. a3 Na6 (14... Nc6 {war die Alternative und Marta war sogar
überzeugt, dass dieser Zug besser ist. Allerdings gibt es jetzt nicht mehr
die interessante Idee Lc6 gefolgt von Kd7.}) 15. Nd2 Nxb2 16. Qb3 Na4 17. Bf4 {
während der Partie dachte ich, dass dieser Zug ein Fehler ist. Aber der
Dameschwenk zum Königsflügel ist die einzige Möglichkeit Gegenspiel zu
suchen.} Qb6 18. Qg3 g5 19. Bxg5 $2 (19. Be3 {die letzte Möglichkeit um
Richtung Ausgleich abzubiegen, nach dem Schlagen auf g5 ist Marta auf der
Siegerstraße.}) 19... Rg8 20. h4 h6 21. Bh7 Rg7 22. Rb1 Qa7 23. Qd3 hxg5 24.
h5 g4 (24... N4c5 $1 {gewinnt sofort} 25. dxc5 Nxc5 26. h6 Nxd3 27. hxg7 O-O-O
$1 {Diesen Zug hatte Marta übersehen.}) 25. f4 $2 (25. h6 {letzte Chance} Rg5
26. Qe3 Bc6 27. Bc2 $15) 25... gxf3 26. Nxf3 N4c5 27. dxc5 Nxc5 28. Qe3 Rxh7
29. h6 Ne4 30. Ned4 Bf8 0-1

[Event "Hastings 9495"]
[Site "Hastings"]
[Date "1994.??.??"]
[Round "1"]
[White "Howell, James C"]
[Black "Luther, Thomas"]
[Result "0-1"]
[WhiteElo "2505"]
[BlackElo "2510"]
[Annotator "CB"]
[PlyCount "80"]
[EventDate "1994.12.??"]
[EventType "tourn"]
[EventRounds "9"]
[EventCountry "ENG"]
[EventCategory "9"]
[SourceTitle "CBM 045"]
[Source "ChessBase"]
[SourceDate "1995.04.01"]
[SourceVersion "1"]
[SourceVersionDate "1995.04.01"]
[SourceQuality "1"]

1. e4 e6 2. d4 d5 3. Nd2 Nf6 4. e5 Nfd7 5. c3 c5 6. Bd3 Nc6 7. Ne2 cxd4 8. cxd4
f6 9. exf6 Nxf6 10. Nf3 Qb6 11. O-O Bd6 12. Nc3 Bd7 $5 (12... O-O 13. Bg5 Bd7
14. Re1 {Main line}) 13. Bg5 $6 (13. a3 Nxd4 14. Nxd4 Qxd4 15. Nb5 Qe5 16. g3
Bb8 17. Bf4 Qh5 18. Qxh5+ Nxh5 19. Bxb8 Rxb8 20. Nxa7 Ke7 {Thiemonds,U-Vega,A/
NWL 8990/ 1990/ 1/2-1/2}) (13. Re1 $142 $1 O-O (13... Nxd4 $2 14. Nxd4 Qxd4 15.
Nb5 $1 $18 Qb6 16. Be3 Bc5 17. Bxc5 Qxc5 18. Rc1 Qb6 19. Nc7+) 14. Bg5 {
Transposing to the main line}) 13... Nxd4 $5 {? as given in ECO C06, 90, did
not survey the new material.} 14. Nxd4 Qxd4 15. Nb5 $5 (15. Bg6+ hxg6 16. Qxd4
Bxh2+ 17. Kh1 Bf4+ {Moiseev;V-Arkhipov,S/ Nettetal 1991/ 1/2-1/2} (17... Be5+
18. Qh4 Rxh4+ 19. Bxh4 O-O-O $13 {Who is better? Shamkovich thinks, that Black
can play for a win.})) (15. Re1 {Recommended in ECO.} Qg4 $142 $5 (15... Bxh2+
$6 {This illogical move is the only one, which is given by ECO C06.} 16. Kxh2
Ng4+ 17. Kg3 Qxf2+ 18. Kh3 Nf6 (18... e5 19. Bb5 $18) 19. Bxf6 gxf6 20. Qh5+
Kd8 21. Re2 $16 {Bondar-Bragsev/ corr 1978}) (15... O-O-O $142 $5)) 15... Qe5 (
15... Qb6 $2 16. Be3 $1 Bc5 17. Bxc5 Qxc5 18. Rc1 $18) 16. f4 (16. Nxd6+ Qxd6
17. Bxf6 gxf6 18. Qh5+ Ke7 $17) (16. g3 $5 Bxb5 (16... Qxg5 17. Nxd6+ Ke7 18.
Nxb7 Rhb8 19. f4 Qh5 20. Be2 Qh3 21. Qb3 Kf7 22. Rac1 $14) (16... Bb8 17. Bf4
Qxb2 18. Bxb8 Rxb8 $13) 17. Bxb5+ Kf7 18. Bf4 Qxb2 19. Rb1 Qa3 $15) 16... Qe3+
17. Kh1 Qb6 (17... Bxb5 $5 18. Bxb5+ Kf7 19. Bxf6 gxf6 20. f5 $40 Qe5 $1 21.
fxe6+ Qxe6 22. Re1 Be5 $13) (17... Bb8 $6 18. Bxf6 gxf6 19. Qh5+ Ke7 20. Rf3
$13 {cf.} Qd2 21. Rg3 Bxb5 22. Rg7+ Kd6 23. Qf7 Kc5 24. b4+ Qxb4 25. Rb1 Qxf4
26. Rxb5+ Kd6 27. Rb1 Kc5 28. Rb5+ Kd6 29. Rb1 $10) 18. Bxf6 (18. a4 $5 {
! Luther} O-O $1 (18... Bxb5 $6 19. Bxb5+ Kf7 20. f5 $1 e5 21. Bxf6 gxf6 22.
Qxd5+ Kg7 23. a5 (23. Rf3 Rhg8 $10) 23... Qc7 24. Rac1 Qe7 $10) 19. a5 Qc5 20.
b4 (20. Rc1 Qb4) 20... Qxb4 21. Rb1 Qc5 22. Nxd6 Qxd6 23. Rxb7 Bc6 $15) 18...
gxf6 19. a4 {/\a4-a5} Bxb5 20. Bxb5+ Ke7 {The black B is much more effective
on the dark squares than the white B on the light squares.} 21. Qh5 $5 $10 (21.
f5 $5 Be5 $5 (21... a6 $5 {Both programs, Fritz3 and Doctor?, prefer this
sharp continuation.} 22. Be2 Qxb2 23. Rb1 Qe5 24. Rxb7+ Kd8 25. g3 Qe4+ 26. Rf3
e5 $15) 22. fxe6 Qxe6 $15 23. Be2 {Luther: with very good compensation.} Rad8
24. Bg4 Qb6 25. a5 Qb4 $13) 21... a6 22. Bd3 Rae8 {Protecting e6.} (22... Qd4
$5) 23. Rae1 (23. Rac1 $5 {Preventing Kd8-c8-b8.} Qd4 $5) 23... Kd8 24. f5 (24.
Qf7 $142 $5 Rhf8 $5 25. Qxh7 $10) 24... e5 (24... Qd4 $2 25. Bb1 e5 26. Qf7 e4
27. Qxb7 $1 Qe5 28. g3 $14) (24... Be5 $2 25. fxe6 Rxe6 26. Bf5 $40 {White
finds very nice play on the white squares: Qf7, Rd1}) (24... Qb3 $5 {cf.} 25.
Bb1 e5 26. Qf7 Rhf8 $17) 25. Qf7 e4 26. Be2 (26. Qxf6+ Kc8 27. Rc1+ Kb8 28. a5
Qb4 $17) (26. Bb1 Kc8 27. Qxd5 e3 $15) 26... Kc8 $1 (26... Qxb2 $6 {/\ 27.Qxd5
Qe5!} 27. g3 $1 d4 $6 28. Qxf6+ Be7 29. Qe5 $1 $14 Ba3 30. Qd5+ Kc8 31. Bh5 $1)
27. Qxd5 Kb8 {Black hopes for the e-pawn and the Bd6, who is working on the
diagonal d6 -> h2.} 28. Rc1 Bc7 29. Rfd1 Re7 (29... Qxb2 $2 30. Rb1 $16) 30.
Qc4 $6 (30. Qd4 $142) (30. Qc5 $142) 30... Qf2 $15 31. Rc3 $2 {/\ R c3-b3} (31.
Rf1 Qh4 32. h3 Qg3 $19) (31. Qb4 Qh4 (31... Rg8 32. Bf1 Qh4 33. h3 Qg3 34. Rxc7
Qxc7 35. Bxa6 e3 $15) 32. Rxc7 Rxc7 33. g3 Qg5 34. Qxe4 Rc1 $17) (31. Qc5 $142
$1 Qh4 32. Qg1 $15) 31... Qxf5 $17 32. Rb3 Rd8 $5 (32... Qe5 33. g3 Ka8 $17)
33. Qxa6 (33. Rxb7+ Kxb7 34. Qxa6+ Kb8 35. Rxd8+ Bxd8 36. Qd6+ Kb7 37. Qxd8 Rd7
$19) (33. Rxd8+ $142 Bxd8 34. Qxa6 Qf2 $17) 33... Rxd1+ 34. Bxd1 Qd5 $19 {
Winning with the e-pawn. White's attacking idea with 31.Rc3, 32.Rb3 hasn't
worked good enough.} 35. Qf1 (35. Qe2 Rd7 $1 (35... Qe5 $1) 36. Bc2 Qd2 $19)
35... Rd7 36. Bc2 f5 37. Ra3 (37. Rc3 Qd2 38. g3 e3 39. Bd3 Rxd3 40. Qxd3 Qe1+
41. Kg2 e2 $19) 37... Qd2 38. Rc3 e3 39. Bd3 Rxd3 40. Rxd3 e2 0-1

[Event "URS-ch53"]
[Site "Kiev"]
[Date "1986.??.??"]
[Round "?"]
[White "Gavrikov, Viktor"]
[Black "Lputian, Smbat G"]
[Result "1-0"]
[WhiteElo "2550"]
[BlackElo "2545"]
[Annotator "Chekhov,V"]
[PlyCount "71"]
[EventDate "1986.04.??"]
[EventType "tourn"]
[EventRounds "17"]
[EventCountry "URS"]
[EventCategory "10"]
[SourceTitle "URS-ch"]
[Source "ChessBase"]
[SourceDate "1999.07.01"]
[SourceVersion "1"]
[SourceVersionDate "1999.07.01"]
[SourceQuality "1"]

1. e4 e6 2. d4 d5 3. Nd2 Nf6 4. Bd3 c5 5. e5 Nfd7 6. c3 Nc6 7. Ne2 cxd4 8. cxd4
f6 9. exf6 Nxf6 10. Nf3 Qc7 11. O-O Bd6 12. h3 $5 (12. g3 $5 O-O 13. Bf4 Bd7
14. Re1 Rae8 15. Qc2 Nb4 $1 16. Qxc7 Bxc7 17. Bb1 Rc8 $10 {Rozentalis,E-Dreev,
A/URS/1985/}) (12. Bg5 $5 O-O 13. Bh4 Nh5 14. Qc2 h6 15. Bg6 Rxf3 $5 16. gxf3 {
Akopian,V-Kontic,D/JUG/1991/} Bxh2+ 17. Kh1 Nf4 18. Ng3 Nxg6 19. Qxg6 Bxg3 20.
Bxg3 Qf7 21. Qxf7+ Kxf7 22. Rfd1 $14 {Akopian/}) 12... O-O 13. Be3 a6 14. Rc1 (
14. Nc3 $5 Bd7 15. Rc1 Rae8 16. Na4 Re7 17. Ne5 Qa5 $1 $132 {Malaniuk,
V-Gurevich,M/URS/1986/}) 14... Bd7 15. a3 Rae8 16. Qc2 Qb8 17. Rfe1 Re7 18. Nc3
Be8 (18... b5 $5) 19. Nb1 (19. Na4 $5 Bh5 20. Ng5 h6 21. Nh7 Nxh7 22. Bxh7+ Kh8
23. Bg6 Bxg6 24. Qxg6 e5 $13) 19... h6 (19... Rc7 $5) 20. Nbd2 Nh5 21. Bf1 g5
$6 (21... Nf4 $5 22. g3 Bg6 23. Qb3 Nh5 24. Nh4 $14) (21... Rc7 $5) 22. Qd1 Ng7
(22... Nf6 $5) (22... Rg7 $5) 23. Nb3 Nf5 24. Bd2 Rf6 $6 (24... Qa7 $5 25. Bc3
Qb6) 25. Bc3 Bg6 26. Na5 $1 Bf4 $6 (26... Rc7 $5) 27. Nxc6 bxc6 28. Bb4 Bxc1 (
28... Rc7 29. Rc3 $14) 29. Bxe7 Nxe7 30. Qxc1 Qb6 (30... Qa7 $5) 31. Qc3 a5 (
31... Be8 32. Ne5 Ng6 33. Ng4) (31... Nf5 $5) 32. Ne5 Qa7 33. Ng4 Rf4 34. Rxe6
h5 35. Ne5 Bf5 36. Qg3 $1 1-0

[Event "RUS-Cup2"]
[Site "Moscow"]
[Date "1996.??.??"]
[Round "9"]
[White "Sokolov, Andrei"]
[Black "Kobalia, Mihail"]
[Result "1-0"]
[WhiteElo "2585"]
[BlackElo "2495"]
[Annotator "Chekhov,V"]
[PlyCount "126"]
[EventDate "1996.11.28"]
[EventType "swiss"]
[EventRounds "9"]
[EventCountry "RUS"]
[SourceTitle "CBM 056 Extra"]
[Source "ChessBase"]
[SourceDate "1997.03.01"]
[SourceVersion "1"]
[SourceVersionDate "1997.03.01"]
[SourceQuality "1"]

1. e4 e6 2. d4 d5 3. Nd2 Nf6 4. e5 Nfd7 5. Bd3 c5 6. c3 Nc6 7. Ne2 cxd4 8. cxd4
f6 9. exf6 Nxf6 10. O-O Bd6 11. Nf3 O-O 12. Bg5 Qe8 13. Bf4 e5 $5 (13... Bxf4
14. Nxf4 e5 (14... Ne4 15. Qc1 Bd7 16. Qe3 Nb4 17. Bxe4 dxe4 18. Qxe4 Bc6 19.
d5 Nxd5 20. Qxe6+ Rf7 21. Qxe8+ Rxe8 22. Nxd5 Bxd5 23. Nd4 $16 {Rozentalis,
E-Hergott,D/Montreal/1995/1|0/34/}) 15. dxe5 Nxe5 16. Be2 Nf7 17. Re1 Qd8 18.
Qd4 $14 {Brodskij,M-Lipka,J/Karvina/1992/1|0/39/}) 14. dxe5 Nxe5 15. Nxe5 Bxe5
16. Qb3 $1 Bg4 (16... Bxf4 17. Nxf4 Qe5 18. Nxd5 Nxd5 19. Bc4 Be6 (19... Rf5
20. Rad1 Be6 21. Rfe1 Qf4 22. f3 $16) 20. Rae1 Qd6 21. Rxe6 $18) 17. Rae1 Bxf4
18. Nxf4 Qd7 19. Re5 $16 Qd6 (19... Rad8 20. Nxd5 $1 Nxd5 21. Rxd5 Qxd5 22. Bc4
$18) (19... Kh8 20. h3 Qd6 21. Rfe1 Bd7 22. Nxd5 $16) 20. Nxd5 Kh8 21. Rfe1
Rad8 22. Nxf6 Qxf6 23. f3 Bc8 24. Qc2 h6 25. Qe2 Qb6+ 26. Kh1 Qd4 27. Bb1 Qh4
28. Kg1 (28. Qc2 Bf5 $1) 28... Qd4+ 29. Qf2 Qb4 30. a3 Qb3 31. Qe2 (31. Qc2
Qxc2 32. Bxc2 Rd2 33. R1e2 Rxe2 34. Rxe2 Bf5 35. Kf2 $16) 31... Qb6+ 32. Qf2
Qb3 33. h4 Rd1 34. Kh2 Rfd8 35. Qg3 Qf7 36. Qg6 Qxg6 37. Bxg6 Kg8 38. b4 (38.
Re8+ $18) 38... R1d6 39. h5 (39. Re8+ $18) 39... Bd7 40. Re7 a6 41. R1e5 Rd2
42. Be4 Bc6 43. Bxc6 bxc6 44. Re8+ Rxe8 45. Rxe8+ Kf7 46. Ra8 $18 c5 (46... Rd5
47. Rxa6 Rxh5+ 48. Kg1 c5 49. Ra5 $18) 47. Ra7+ Kg8 48. bxc5 Rc2 (48... Rd5 49.
g4 Rxc5 50. Rxa6 $18) 49. Rxa6 Rxc5 50. g4 Kf7 51. Kg3 Rc4 52. a4 Rb4 53. Ra7+
Kg8 54. a5 Ra4 55. a6 Kh8 56. f4 Ra3+ 57. Kf2 Kh7 58. Ra8 Ra5 59. Kf3 Ra4 60.
Ke3 Ra2 61. Ke4 Ra5 62. Kd4 Ra4+ 63. Kc5 Rxf4 (63... Rxf4 64. Rd8 Ra4 65. Kb6
Rb4+ 66. Ka5 Rb1 67. a7 Ra1+ 68. Kb6 $18) 1-0

[Event "Interzonal-11a"]
[Site "Riga"]
[Date "1979.09.09"]
[Round "4"]
[White "Gruenfeld, Yehuda"]
[Black "Mednis, Edmar John"]
[Result "1-0"]
[WhiteElo "2430"]
[BlackElo "2510"]
[Annotator "ChessBase"]
[PlyCount "71"]
[EventDate "1979.09.05"]
[EventType "tourn"]
[EventRounds "17"]
[EventCountry "URS"]
[EventCategory "12"]
[SourceTitle "IZT"]
[Source "ChessBase"]
[SourceDate "1999.07.01"]
[SourceVersion "1"]
[SourceVersionDate "1999.07.01"]
[SourceQuality "1"]

1. e4 e6 2. d4 d5 3. Nd2 Nf6 4. e5 Nfd7 5. c3 c5 6. Bd3 b6 7. Nh3 Ba6 8. Bxa6
Nxa6 9. O-O Nc7 10. Qg4 (10. Re1) (10. Nf4) 10... Qc8 (10... c4 11. Nf3 Nb8)
11. Nf3 Qa6 (11... g6 12. Nf4 cxd4 13. cxd4 h5 $15) 12. Nf4 g6 13. Ng5 Be7 14.
h4 Nf8 15. h5 Qa4 16. dxc5 bxc5 17. b3 Qc6 18. Bd2 Rg8 19. h6 Rd8 20. Rfe1 Rd7
21. Nfh3 Na8 22. Qf4 Bd8 23. Re3 Nb6 24. Rf3 Qc7 25. Rd1 Qb7 26. Bc1 Nc8 27.
Ba3 Rc7 28. Qa4+ Qc6 29. Qxc6+ Rxc6 30. Rxf7 Rh8 31. Rg7 Nd7 32. Re1 Ra6 33.
Bc1 Rxa2 34. Nxe6 Ba5 35. Nhg5 Bxc3 36. Nc7+ 1-0

[Event "DDR-ch32 Final"]
[Site "Cottbus"]
[Date "1983.02.07"]
[Round "2"]
[White "Tischbierek, Raj"]
[Black "Knaak, Rainer"]
[Result "0-1"]
[WhiteElo "2395"]
[BlackElo "2505"]
[Annotator "ChessBase"]
[PlyCount "46"]
[EventDate "1983.02.06"]
[EventType "tourn"]
[EventRounds "13"]
[EventCountry "DDR"]
[EventCategory "5"]
[SourceTitle "MCL"]
[Source "ChessBase"]
[SourceDate "1999.07.01"]
[SourceVersion "1"]
[SourceVersionDate "1999.07.01"]
[SourceQuality "1"]

1. e4 e6 2. d4 d5 3. Nd2 Nf6 4. e5 Nfd7 5. c3 c5 6. Bd3 b6 7. Nh3 Ba6 8. Bxa6
Nxa6 9. O-O Nc7 10. Qg4 Qc8 11. Nf3 h6 12. dxc5 bxc5 13. b4 g5 14. bxc5 Bxc5
15. Be3 Qa6 16. Bxc5 Nxc5 17. c4 dxc4 18. Rac1 O-O-O 19. Qxc4 Qxc4 20. Rxc4 Nd3
21. g4 Rd5 22. Ra4 a5 {[#]} 23. Nd4 $2 (23. Kg2 Rhd8 $17) 23... Nb2 $19 0-1

[Event "YUG-ch34"]
[Site "Bjelovar"]
[Date "1979.02.20"]
[Round "9"]
[White "Matulovic, Milan"]
[Black "Marjanovic, Slavoljub"]
[Result "1-0"]
[WhiteElo "2510"]
[BlackElo "2505"]
[Annotator "ChessBase"]
[PlyCount "57"]
[EventDate "1979.02.10"]
[EventType "swiss"]
[EventRounds "13"]
[EventCountry "YUG"]
[SourceTitle "EXT 2000"]
[Source "ChessBase"]
[SourceDate "1999.11.16"]
[SourceVersion "1"]
[SourceVersionDate "1999.11.16"]
[SourceQuality "1"]

1. e4 e6 2. d4 d5 3. Nd2 Nf6 4. e5 Nfd7 5. c3 c5 6. Bd3 Nc6 7. Ne2 cxd4 8. cxd4
f6 9. exf6 Nxf6 10. Nf3 Bd6 11. O-O Qc7 (11... O-O 12. Bf4) 12. Nc3 a6 13. Bg5
O-O 14. Bh4 Bd7 15. Re1 Kh8 16. Rc1 Bf4 $5 17. Bg3 Nh5 18. Bxf4 $6 (18. Rc2)
18... Qxf4 (18... Nxf4 19. Bb1) 19. Bb1 Rf6 $2 {[/\ Raf8 ->]} (19... g5 $1) 20.
Na4 $1 $16 Raf8 (20... Nxd4 21. Nb6 $1 (21. Nxd4 $4 Qxf2+ 22. Kh1 Ng3+ 23. hxg3
Rh6+) (21. Qxd4 $2 Bxa4) 21... Nxf3+ 22. Qxf3 Qg5 (22... Qxf3 23. gxf3 Rd8 24.
Nxd7 $18) 23. Qh3 $1 $18 (23. Qe3 Nf4 24. Qg3 $4 Ne2+ $19)) 21. Nc5 Bc8 22. Nd3
Qh6 $2 (22... Qb8) 23. Nde5 Nxe5 24. Nxe5 $1 Qg5 (24... Rxf2 25. Rxc8 $1) 25.
f3 $1 $18 g6 (25... Nf4 26. g3 {/\ Rc7, Qc2}) 26. Rc7 Qh4 27. Qd2 Rf4 28. Rec1
Rxd4 29. Qh6 $138 1-0